[Event "Reunion op 20th"]
[Site "St Denis"]
[Date "2018.10.18"]
[Round "5"]
[White "Fondrat, Johan"]
[Black "Rajaonson, Andriamahenina"]
[Result "0-1"]
[WhiteElo "1499"]
[BlackElo "1822"]
[PlyCount "96"]
[EventDate "2018.10.14"]
[EventType "swiss"]
[EventRounds "9"]
[EventCountry "RUF"]
[SourceTitle "CBM 187 Extra"]
[Source "ChessBase"]
[SourceDate "2018.11.04"]
[SourceVersion "1"]
[SourceVersionDate "2018.11.04"]
[SourceQuality "1"]

1. e4 e6 2. d4 d5 3. exd5 exd5 4. Bd3 Nf6 5. Nf3 Bd6 6. 0-0 0-0 7. Re1 Bg4 8. h3 Bh5 9. Bg5 c6 10. c3 Nbd7 11. Nbd2 h6 12. Bh4 g5 13. Bg3 Bxg3 14. fxg3 g4 15. hxg4 Nxg4 16. Nh2 Ndf6 17. Nxg4 Bxg4 18. Be2 h5 19. Nf3 Ne4 20. Ne5 f5 21. Bxg4 hxg4 22. Qc1 Kg7 23. Qf4 Qe7 24. Nd3 b6 25. Nf2 Rad8 26. Nxe4 dxe4 27. Rad1 Kg6 28. Kf2 Rh8 29. Rh1 Rxh1 30. Rxh1 Qg5 31. Ke3 c5 32. Qxg5+ Kxg5 33. Rh7 cxd4+ 34. cxd4 Rc8 35. Kd2 Rc4 36. Rg7+ Kf6 37. Rxa7 Rxd4+ 38. Ke2 Rd3 39. Ra6 Rxg3 40. Kf2 f4 41. Rxb6+ Ke5 42. a4 e3+ 43. Kf1 f3 44. gxf3 gxf3 45. Rb3 Ke4 46. Rb4+ Kd3 47. Rb3+ Kd2 48. Rb8 e2+ 0-1

[Event "Reunion op 14th"]
[Site "St Denis"]
[Date "2012.10.06"]
[Round "1"]
[White "Rajaonson, Andriamahenina"]
[Black "Rivolo, Jean Guillaume"]
[Result "1-0"]
[WhiteElo "1897"]
[BlackElo "1486"]
[PlyCount "47"]
[EventDate "2012.10.06"]
[EventType "swiss"]
[EventRounds "9"]
[EventCountry "RUF"]
[SourceTitle "EXT 2013"]
[Source "ChessBase"]
[SourceDate "2012.11.22"]
[SourceVersion "1"]
[SourceVersionDate "2012.11.22"]
[SourceQuality "1"]

1. f4 c5 2. Nf3 Nc6 3. e4 d6 4. Nc3 Nf6 5. Bb5 Bd7 6. 0-0 Qc7 7. Bc4 Na5 8. Be2 g6 9. d4 cxd4 10. Nxd4 Bg7 11. Be3 Nc6 12. Ndb5 Qd8 13. a4 0-0 14. f5 a6 15. Na3 Ne5 16. Nc4 Nc6 17. Nb6 Qc7 18. Nxa8 Rxa8 19. fxg6 hxg6 20. Qd2 Ne5 21. b3 Nfg4 22. Bxg4 Bxg4 23. Nd5 Qd7 24. Nb6 1-0

[Event "Reunion op 11th"]
[Site "St Denis"]
[Date "2009.10.15"]
[Round "6"]
[White "Dalleau, Philippe"]
[Black "Rajaonson, Andriamahenina"]
[Result "1-0"]
[WhiteElo "1869"]
[BlackElo "1919"]
[PlyCount "145"]
[EventDate "2009.10.10"]
[EventType "swiss"]
[EventRounds "9"]
[EventCountry "RUF"]
[SourceTitle "CBM 132 Extra"]
[Source "ChessBase"]
[SourceDate "2009.11.03"]
[SourceVersion "1"]
[SourceVersionDate "2009.11.03"]
[SourceQuality "1"]

1. d4 f5 2. c4 Nf6 3. Nf3 d6 4. g3 g6 5. Bg2 Bg7 6. 0-0 0-0 7. Nc3 c6 8. Qc2 Bd7 9. b3 Na6 10. a3 c5 11. d5 Nc7 12. Bd2 b5 13. cxb5 Nxb5 14. Nxb5 Bxb5 15. Ng5 Bd7 16. Ne6 Bxe6 17. dxe6 Rb8 18. Rab1 Qb6 19. Bc3 Rfd8 20. b4 Rbc8 21. b5 d5 22. a4 Qxe6 23. Ba5 Rd6 24. e3 Qd7 25. Rfc1 c4 26. Bb4 Rb6 27. Ba5 Rbb8 28. Bc3 Ne4 29. Ba5 Nc5 30. Rd1 e6 31. Rd2 Bf6 32. Rdd1 Ne4 33. Bxe4 fxe4 34. Qxe4 dxe4 35. Rxd7 c3 36. Bxc3 Bxc3 37. Rxa7 Be5 38. Rb4 Rc7 39. Rxc7 Bxc7 40. Rxe4 Kf7 41. Rc4 Bb6 42. Rc6 Ke7 43. Kg2 Kd7 44. Rc4 Rb7 45. h4 Rc7 46. Rf4 Kd6 47. Rf8 Ra7 48. Rf4 Kd5 49. Kf3 Bc5 50. h5 g5 51. Rg4 h6 52. Ke2 e5 53. Kd3 Rf7 54. f4 e4+ 55. Ke2 gxf4 56. Rxf4 Rxf4 57. exf4 Ke6 58. g4 Kf6 59. a5 Bd4 60. b6 Bc5 61. b7 Ba7 62. a6 Kg7 63. g5 hxg5 64. fxg5 e3 65. b8Q Bxb8 66. Kxe3 Ba7+ 67. Ke4 Bf2 68. Kd5 Be3 69. Kc6 Bd4 70. Kb7 Kh7 71. a7 Bg7 72. a8Q Bf8 73. Kc7 1-0

[Event "Reunion op 11th"]
[Site "St Denis"]
[Date "2009.10.14"]
[Round "5"]
[White "Koch, Alain1"]
[Black "Rajaonson, Andriamahenina"]
[Result "1-0"]
[WhiteElo "2007"]
[BlackElo "1919"]
[PlyCount "69"]
[EventDate "2009.10.10"]
[EventType "swiss"]
[EventRounds "9"]
[EventCountry "RUF"]
[SourceTitle "CBM 132 Extra"]
[Source "ChessBase"]
[SourceDate "2009.11.03"]
[SourceVersion "1"]
[SourceVersionDate "2009.11.03"]
[SourceQuality "1"]

1. e4 d6 2. d4 Nf6 3. Nc3 g6 4. f4 Bg7 5. Nf3 0-0 6. Bd3 Nc6 7. 0-0 Bg4 8. Be2 Bd7 9. h3 Nh5 10. Kh2 a6 11. e5 dxe5 12. dxe5 Bh8 13. Ng5 Ng7 14. Bc4 e6 15. Nce4 Nf5 16. g4 Nh6 17. Be3 b6 18. Qe2 Qe7 19. Rad1 Bc8 20. Qf2 f6 21. exf6 Bxf6 22. Qh4 Bg7 23. Rf2 Kh8 24. Rdf1 Bd7 25. Rd1 Bc8 26. Rfd2 Rb8 27. c3 e5 28. f5 gxf5 29. gxf5 Bxf5 30. Bd5 Bd7 31. Rg1 Rbd8 32. Rdg2 Bxh3 33. Qxh3 Rxd5 34. Ne6 Nf5 35. Rxg7 1-0